| Registos Bibliográficos associados ao registo de autoridade |
|
Etiqueta de registo: 00254nam 2200025 450 001 2269910 003 http://id.bnportugal.gov.pt/bib/catbnp/2269910 100 ## $a20260223d2026 k y0pory01030103ba 101 0# $apor$deng 102 ## $aPT 105 ## $aa m 000yy 106 ## $ar 200 1# $aDinâmicas, agrícolas, competitividade e mercado$e a hortofruticultura em Portugal (1850-2000)$fLeonardo Alexandre Aboim Pires$gorient. Mónica Truninger de Albuquerque de Medeiros Sousa, Luís Manuel Bignolas Mira
da Silva, Maria Dulce Alves Freire 210 #9 $aLisboa$c[s.n.],$d2026 215 ## $aXIV, 453 p.$cil.$d30 cm 328 #1 $aTese dout. Ciências da Sustentabilidade, Universidade de Lisboa, 2026 675 ## $a502.13(469)"1850/2000"(043)$vBN$zpor$31989905 675 ## $a631/635(469)"1850/2000"(043)$vBN$zpor$31989906 675 ## $a338(469)"1850/2000"(043)$vBN$zpor$31989911 700 #1 $aPires,$bLeonardo Alexandre Aboim$31986596 702 #1 $aSousa,$bMónica Truninger de Albuquerque de Medeiros$4727$31780276 702 #1 $aSilva,$bLuís Manuel Bignolas Mira da$4727$3162097 702 #1 $aFreire,$bDulce,$f1969-$4727$31164585 801 #0 $aPT$bBN$gRPC 966 ## $lBN$mFGMON$sS.A. 193246 V.$x1 971 ## $cisantos$d20260223 973 ## $cmlsousa$d20260309
|
|
|